Catálogo público

Obtención de hidrolizados proteicos de frijol ayocote y su caracterización / (Record no. 219044)

MARC details
000 -CABECERA
campo de control de longitud fija 05854nam a2200469 a 4500
003 - IDENTIFICADOR DEL NÚMERO DE CONTROL
campo de control CHAP
005 - FECHA Y HORA DE LA ÚLTIMA TRANSACCIÓN
campo de control 20250506111110.0
007 - CAMPO FIJO DE DESCRIPCIÓN FÍSICA--INFORMACIÓN GENERAL
campo de control de longitud fija ta
008 - DATOS DE LONGITUD FIJA--INFORMACIÓN GENERAL
campo de control de longitud fija 230718s2022 mx ado|fom||| 001 0 spa d
040 ## - FUENTE DE LA CATALOGACIÓN
Normas de descripción rda
100 1# - ENTRADA PRINCIPAL--NOMBRE DE PERSONA
9 (RLIN) 187612
Nombre de persona Estrada Fabián, Lilia Lucia
240 10 - TÍTULO UNIFORME
Título uniforme Obtaining and characterizing protein hydrolysates from ayocote beans.
Lenguaje de la obra Español
245 10 - MENCIÓN DE TÍTULO
Título Obtención de hidrolizados proteicos de frijol ayocote y su caracterización /
Mención de responsabilidad, etc. Lilia Lucia Estrada Fabián
264 ## - PRODUCCIÓN, PUBLICACIÓN, DISTRIBUCIÓN, FABRICACIÓN Y COPYRIGHT
Producción, publicación, distribución, fabricación y copyright Chapingo, México :
Nombre del de productor, editor, distribuidor, fabricante El autor,
Fecha de producción, publicación, distribución, fabricación o copyright 2022
300 ## - DESCRIPCIÓN FÍSICA
Extensión 1 recurso en línea (en varias paginaciones) :
Otras características físicas ilustraciones, tablas, gráficas, fotos
336 ## - TIPO DE CONTENIDO
Fuente rdacontent
Término de tipo de contenido texto
Código de tipo de contenido txt
337 ## - TIPO DE MEDIO
Fuente rdamedia
Nombre/término del tipo de medio computadora
Código del tipo de medio c
338 ## - TIPO DE SOPORTE
Fuente rdacarrier
Nombre/término del tipo de soporte recurso en línea
Código del tipo de soporte cr
502 ## - NOTA DE TESIS
Nota de tesis Tesis
Tipo de título (Maestro en Ciencia y Tecnología Agroalimentaria) --
Nombre de la institución que otorga el título Departamento de Ingeniería Agroindustrial,
Año de obtención del título 2022
Información miscelánea Maestría
504 ## - NOTA DE BIBLIOGRAFÍA, ETC.
Nota de bibliografía, etc. Incluye bibliografías
520 3# - SUMARIO, ETC.
Sumario, etc. Actualmente, debido al mayor conocimiento y conciencia de los ingredientes de los alimentos y la preferencia de consumo de alimentos que no afectan al medio ambiente, más personas eligen consumir proteínas de origen vegetal. El frijol es considerado como una alternativa de fuente de proteínas económicas con un perfil completo de aminoácidos, actividad biológica y propiedades funcionales. Sin embargo, no existe suficiente información acerca de las proteínas del frijol ayocote (Phaseolus coccineus L.). Por lo anterior, el objetivo del presente trabajo fue evaluar las propiedades tecno-funcionales de las proteínas del frijol ayocote y su actividad biológica, así como de sus hidrolizados, los cuales se obtuvieron mediante una hidrólisis secuencial con pepsina y pancreatina. Como resultado, las proteínas presentaron propiedades espumante, emulsificante y gelificante. Se observó un aumento significativo en la capacidad espumante de las proteínas de frijol tratado térmicamente, mientras que la capacidad emulsionante fue influenciada por la solubilidad de las proteínas. A pH 7 se observó la formación de geles con una concentración mínima de gelificación de 12 % (p/v). Por su parte, las proteínas y sus hidrolizados presentaron actividad antioxidante sobre los radicales DPPH y ABTS, mayor actividad en los hidrolizados de frijol que fue sometido a tratamiento térmico, así mismo, todas las muestras presentaron concentraciones de compuestos fenólicos, los cuales pudieron haber contribuido con la actividad antioxidante. Por otra parte, las proteínas y sus hidrolizados presentaron inhibición sobre la enzima convertidora de angiotensina I (ECA-I), mayor actividad en la muestra sin hidrolizar. Se concluyó que las proteínas del frijol ayocote pueden ser una alternativa para ser incorporadas en matrices alimentarias con el objetivo de mejorar sus propiedades físicas, además al presentar actividad biológica pueden ser incorporados en alimentos para atribuirles propiedades nutracéuticas.
520 3# - SUMARIO, ETC.
Sumario, etc. Currently, due to the increased knowledge and awareness of food ingredients and the preference to consume environmentally friendly foods, more people are choosing to consume plant-based proteins. Beans are considered an affordable alternative protein source with a full profile of amino acids, biological activity, and functional properties. However, no sufficient information on the proteins of the ayocote bean (Phaseolus coccineus L.) is available. Therefore, this paper aims to evaluate the techno-functional properties of the proteins of the ayocote bean and its biological activity, as well as its hydrolysates which were obtained by sequential hydrolysis with pepsin and pancreatin. As a result, the proteins exhibited foaming, emulsifying and gelling properties. A significant increase in the foaming capacity of heat treated bean proteins was observed, while the emulsifying capacity was influenced by protein solubility. At pH 7, gel formation was observed with a minimum gelation concentration of 12 % (w/v). Proteins and their hydrolysates showed antioxidant activity on DPPH and ABTS radicals, with greater activity in bean hydrolysates that were subjected to heat treatment; likewise, all samples showed concentrations of phenolic compounds, which could have contributed to the antioxidant activity. On the other hand, the proteins and their hydrolysates showed inhibition of angiotensin I-converting enzyme (ACE-I), with greater activity in the unhydrolyzed sample. It was concluded that ayocote bean proteins can be an alternative to be incorporated in food matrices with the objective of improving their physical properties, in addition to presenting biological activity, they can be incorporated in foods to attribute nutraceutical properties to them
650 13 - PUNTO DE ACCESO ADICIONAL DE MATERIA--TÉRMINO DE MATERIA
9 (RLIN) 187652
Término de materia o nombre geográfico como elemento de entrada Hidrolizados de proteína
650 13 - PUNTO DE ACCESO ADICIONAL DE MATERIA--TÉRMINO DE MATERIA
9 (RLIN) 87773
Término de materia o nombre geográfico como elemento de entrada Phaseolus coccineus
Subdivisión general Propiedades fisicoquímicas
650 13 - PUNTO DE ACCESO ADICIONAL DE MATERIA--TÉRMINO DE MATERIA
9 (RLIN) 87773
Término de materia o nombre geográfico como elemento de entrada Phaseolus coccineus
Subdivisión general Propiedades rheológicas
650 13 - PUNTO DE ACCESO ADICIONAL DE MATERIA--TÉRMINO DE MATERIA
9 (RLIN) 87773
Término de materia o nombre geográfico como elemento de entrada Phaseolus coccineus
Subdivisión general Propiedades emulsionantes
650 13 - PUNTO DE ACCESO ADICIONAL DE MATERIA--TÉRMINO DE MATERIA
9 (RLIN) 87773
Término de materia o nombre geográfico como elemento de entrada Phaseolus coccineus
Subdivisión general Valor nutritivo
650 17 - PUNTO DE ACCESO ADICIONAL DE MATERIA--TÉRMINO DE MATERIA
9 (RLIN) 92446
Término de materia o nombre geográfico como elemento de entrada Proteínas
Subdivisión general Efecto antihipertensivo
650 17 - PUNTO DE ACCESO ADICIONAL DE MATERIA--TÉRMINO DE MATERIA
9 (RLIN) 92446
Término de materia o nombre geográfico como elemento de entrada Proteínas
Subdivisión general Actividad antioxidante
650 13 - PUNTO DE ACCESO ADICIONAL DE MATERIA--TÉRMINO DE MATERIA
9 (RLIN) 151493
Término de materia o nombre geográfico como elemento de entrada Protein hydrolysates
650 13 - PUNTO DE ACCESO ADICIONAL DE MATERIA--TÉRMINO DE MATERIA
9 (RLIN) 87773
Término de materia o nombre geográfico como elemento de entrada Phaseolus coccineus
Subdivisión general Physicochemical properties
650 13 - PUNTO DE ACCESO ADICIONAL DE MATERIA--TÉRMINO DE MATERIA
9 (RLIN) 87773
Término de materia o nombre geográfico como elemento de entrada Phaseolus coccineus
Subdivisión general Rheological properties
650 13 - PUNTO DE ACCESO ADICIONAL DE MATERIA--TÉRMINO DE MATERIA
9 (RLIN) 87773
Término de materia o nombre geográfico como elemento de entrada Phaseolus coccineus
Subdivisión general Emulsifying properties
650 13 - PUNTO DE ACCESO ADICIONAL DE MATERIA--TÉRMINO DE MATERIA
9 (RLIN) 87773
Término de materia o nombre geográfico como elemento de entrada Phaseolus coccineus
Subdivisión general Nutritive value
650 13 - PUNTO DE ACCESO ADICIONAL DE MATERIA--TÉRMINO DE MATERIA
9 (RLIN) 148398
Término de materia o nombre geográfico como elemento de entrada Proteins
Subdivisión general Antihypertensive effect
650 13 - PUNTO DE ACCESO ADICIONAL DE MATERIA--TÉRMINO DE MATERIA
9 (RLIN) 148398
Término de materia o nombre geográfico como elemento de entrada Proteins
Subdivisión general Antioxidant activity
700 1# - PUNTO DE ACCESO ADICIONAL--NOMBRE DE PERSONA
9 (RLIN) 151810
Nombre de persona Sandoval Castilla, Ofelia
Término indicativo de función/relación directora
700 1# - PUNTO DE ACCESO ADICIONAL--NOMBRE DE PERSONA
9 (RLIN) 161439
Nombre de persona Hernández Rodríguez, Blanca Elizabeth
Término indicativo de función/relación asesora
700 1# - PUNTO DE ACCESO ADICIONAL--NOMBRE DE PERSONA
Nombre de persona Aguirre Mandujano, Eleazar
Término indicativo de función/relación asesor
9 (RLIN) 3008
856 ## - LOCALIZACIÓN Y ACCESO ELECTRÓNICOS
Identificador Uniforme del Recurso http://10.13.5.2/tesis/tm/2022-ESTRADA_FABIAN_LILIA_LUCIA.pdf
Nota pública DESCARGAR PDF
942 ## - ELEMENTOS DE PUNTO DE ACCESO ADICIONAL (KOHA)
Tipo de ítem Koha Tesis digital
Holdings
Estado de retiro Estado de pérdida Fuente del sistema de clasificación o colocación Estado dañado No para préstamo Código de colección Localización permanente Ubicación/localización actual Ubicación en estantería Fecha de adquisición Fuente de adquisición Total de préstamos Código de barras Fecha visto por última vez Precio válido a partir de Tipo de ítem Koha Restricciones de uso Signatura topográfica completa
    Clasificación Universidad Autónoma de Chapingo     Tesis digitales de Maestría Biblioteca Digital Biblioteca Digital En línea 27/02/2025       27/02/2025 27/02/2025 Tesis digital Préstamo interno Tesis digital
    Clasificación Universidad Autónoma de Chapingo     Tesis digitales de Maestría Ingenieria Agroindustrial Ingenieria Agroindustrial En línea 18/07/2023 El autor   1201013736 18/07/2023 18/07/2023 Tesis digital